| 000 | 00425nam a22001457a 4500 | ||
|---|---|---|---|
| 020 | _a0-87201-786-9 | ||
| 082 |
_a500 _bRUL _cL-37, P-150 |
||
| 100 |
_aFisher, David _938904 |
||
| 245 | _aRules of thumb : for engineers and scientists | ||
| 260 |
_aGulf Publishing Company. _bHouston. _c1991. |
||
| 300 |
_axiv, 242 p, : _bill, " _c12 Cm |
||
| 526 |
_a0 _b0 _c0 _d500_000000000000000_RUL |
||
| 650 |
_aMCE _9379 |
||
| 942 |
_2ddc _cBK |
||
| 999 |
_c543520 _d543520 |
||